Principles and Practice of Management: Simplified. (Record no. 3493)

MARC details
005 - DATE AND TIME OF LATEST TRANSACTION
control field 20250609105758.0
020 ## - INTERNATIONAL STANDARD BOOK NUMBER
International Standard Book Number 9966-28-922-4
082 ## - DEWEY DECIMAL CLASSIFICATION NUMBER
Classification number LECT 658.4 SAL
100 ## - MAIN ENTRY--PERSONAL NAME
Author name SALEEMI, N. A.
245 ## - TITLE STATEMENT
Title Principles and Practice of Management: Simplified.
260 ## - PUBLICATION, DISTRIBUTION, ETC.
Place of publication, distribution, etc. Nairobi,
Name of publisher, distributor, etc. Saleemi,
Date of publication, distribution, etc. 2006.
300 ## - PHYSICAL DESCRIPTION
Extent vi, 578p.: ill.; chart, figure, table
Dimensions 21cm.
942 ## - ADDED ENTRY ELEMENTS (KOHA)
Source of classification or shelving scheme Dewey Decimal Classification
Koha item type Books
Holdings
Date last seen Total checkouts Full call number Barcode Cost, replacement price Price effective from Koha item type Lost status Source of classification or shelving scheme Damaged status Not for loan Withdrawn status Home library Current library Shelving location Date acquired Cost, normal purchase price
06/09/2025   LECT 658.4 SAL 00000011691 78000.00 06/09/2025 Books   Dewey Decimal Classification       College of Business Education Main Library College of Business Education Main Library General Collection 09/08/2008 26000.00